000 00638nam a2200193 a 4500
005 20140310183328.0
008 060815s19uu xx 00 eng d
020 _a0534564771
050 _aPN 1995.9.P7
_b.M278 2003
100 _aMamer, Bruce
245 _aFilm production technique :
_bcreating the accomplished image /
_cBruce Mamer
260 _aAustralia :
_bThomson Wadsworth,
_c2003.
300 _a444 p. :
_bcol. ill. ;
_c27 cm.
521 _aMC
650 _aMotion pictures
_xProduction and direction
_xHandbooks, manuals, etc.
650 _aCinematography
_xHandbooks, manuals, etc.
942 _cBK
_2lcc
_kFOR
999 _c21494
_d21494